| 000 | 00750nam a2200217 a 4500 | ||
|---|---|---|---|
| 005 | 20210223125627.0 | ||
| 008 | 050421s2003 es r 000 0 spa d | ||
| 020 | _a848432432X | ||
| 035 | _aUPN01000138216 | ||
| 049 | _aCG | ||
| 050 | 4 |
_aD15 H6.3 _bH6.2 |
|
| 100 | 1 |
_aHobsbawm, Eric John Ernest, _d1917-2012 |
|
| 245 | 1 | 0 |
_aAños interesantes : _buna vida en el siglo XX / _cEric Hobsbawm ; tr. Juan Rabasseda-Gascón. |
| 260 |
_aBarcelona, Esp. : _bCrítica, _c2003. |
||
| 300 |
_a407 p. : _bil. |
||
| 534 |
_pTraducción de: _tInteresting times ; a twentieth-century life |
||
| 600 | 1 | 4 |
_aHOBSBAWM, ERIC JOHN ERNEST, _d1917-2012 |
| 650 | 4 |
_aHISTORIADORES - _vBIOGRAFIA _916913 |
|
| 650 | 4 |
_aHISTORIA MODERNA - _ySIGLO XX _914204 |
|
| 905 | _aLibro | ||
| 999 |
_c110364 _d110364 |
||